Guia d'activitats turístiques : a prop de Barcelona a prop de Barcelona
Publicado:
[Barcelona] :
Diputació de Barcelona, Xarxa de Municipis, Oficina de Promoció Turística ,
1999
Descripción Física:
Volums : il·lustracions en color ; 29 cm
Colección:
Turisme Total
Idioma:
Catalán
MARC
| LEADER | 00000nam a2200000Ia 4500 | ||
|---|---|---|---|
| 001 | 15535, 15536, 15537, 16653, 16654, 18391 | ||
| 003 | Arxiu | ||
| 005 | 20260324181509.0 | ||
| 008 | 160829m2002 spca xx s cat c | ||
| 040 | |a AGDB | ||
| 080 | |a FU-38-23, FU-38-24, FU-38-25, FU-44-11, FU-44-12, FU-53-24 | ||
| 080 | |a FU-38-28 | ||
| 080 | |a FU-38-32 | ||
| 080 | |a FU-38-29 | ||
| 080 | |a FU-38-31 | ||
| 080 | |a FU-38-26 | ||
| 080 | |a FU-38-27 | ||
| 245 | 0 | 0 | |a Guia d'activitats turístiques : |b a prop de Barcelona |
| 260 | |a [Barcelona] : |b Diputació de Barcelona, Xarxa de Municipis, Oficina de Promoció Turística, |c 1999-2004 | ||
| 300 | |a Volums : |b il·lustracions en color ; |c 29 cm | ||
| 490 | 1 | |a Turisme Total | |
| 500 | |a Els exemplars publicats entre 1998 i 2001 tenen títols independents | ||
| 500 | |a Fins al 2001, l'entitat editora és l'Agència de Promoció Turística de la Diputació de Barcelona. | ||
| 501 | |a A partir de 2002, l'entitat editora és Oficina de Promoció Turística de la Diputació de Barcelona. | ||
| 590 | |a Periodicitat semestral. | ||
| 590 | |a A la portada: Turisme Total | ||
| 590 | |a Existeix una edició en castellà amb R. 18394 | ||
| 650 | 0 | |a Turisme |z Barcelona (Província) |9 32796 | |
| 650 | 0 | |a Turisme |z Barcelona (Província) |v Guies |9 31526 | |
| 710 | 1 | |a Barcelona (Catalunya : Província). |b Oficina de Promoció Turística |9 51402 |e entitat editora | |
| 710 | 1 | |a Barcelona (Catalunya : Província). |b Agència de Promoció Turística |9 51387 |e entitat editora | |
| 830 | |9 51395 |a Turisme Total | ||
| 866 | |a 1999 (primavera-estiu, tardor-hivern) | ||
| 866 | |a 2000 (primavera-estiu, tardor-hivern) | ||
| 866 | |a 2001 (primavera-estiu, tardor-hivern) | ||
| 866 | |a 2002 (primavera-estiu, tardor-hivern) | ||
| 866 | |a 2003 (primavera-estiu, tardor-hivern) | ||
| 866 | |a 2004 (primavera-estiu, tardor-hivern) | ||
| 901 | |a Arxiu | ||
| 942 | |n 1 |2 udc |c ARXIU | ||
| 952 | |0 0 |1 0 |4 0 |7 1 |9 41872 |a Arxiu |b Arxiu |d 2016-12-01 |h 1999 (primavera-estiu) |o FU-38-26 |p 15538 |r 2016-12-01 00:00:00 |w 2016-12-01 |y ARXIU | ||
| 952 | |0 0 |1 0 |4 0 |7 1 |9 41885 |a Arxiu |b Arxiu |d 2016-12-01 |h 2001 (tardor-hivern) |o FU-38-32 |p 15544 |r 2016-12-01 00:00:00 |w 2016-12-01 |y ARXIU | ||
| 952 | |0 0 |1 0 |4 0 |7 1 |9 41897 |a Arxiu |b Arxiu |d 2016-12-01 |h 2000 (tardor-hivern) |o FU-38-29 |p 15541 |r 2016-12-01 00:00:00 |w 2016-12-01 |y ARXIU | ||
| 952 | |0 0 |1 0 |4 0 |7 1 |9 41909 |a Arxiu |b Arxiu |d 2016-12-01 |h 1999 (tardor-hivern) |o FU-38-27 |p 15539 |r 2016-12-01 00:00:00 |w 2016-12-01 |y ARXIU | ||
| 952 | |0 0 |1 0 |4 0 |7 1 |9 41933 |a Arxiu |b Arxiu |d 2016-12-01 |h 2000 (primavera-estiu) |o FU-38-28 |p 15540 |r 2016-12-01 00:00:00 |w 2016-12-01 |y ARXIU | ||
| 952 | |0 0 |1 0 |4 0 |7 1 |9 41982 |a Arxiu |b Arxiu |d 2016-12-01 |h 2001 (primavera-estiu) |o FU-38-31 |p 15543 |r 2016-12-01 00:00:00 |w 2016-12-01 |y ARXIU | ||
| 952 | |0 0 |1 0 |4 0 |7 1 |9 49074 |a Arxiu |b Arxiu |d 2016-12-01 |h 2003 (tardor-hivern) |o FU-53-24 |p 18391 |r 2016-12-01 00:00:00 |w 2016-12-01 |y ARXIU | ||
| 952 | |0 0 |1 0 |4 0 |7 1 |9 65950 |a Arxiu |b Arxiu |d 2023-04-04 |h 2002 (primavera-estiu) |o FU-38-23 |p 15535 |r 2023-04-04 00:00:00 |w 2023-04-04 |y ARXIU | ||
| 952 | |0 0 |1 0 |4 0 |6 FU3824 |7 1 |9 65951 |a Arxiu |b Arxiu |d 2023-04-04 |h 2002 (tardor-hivern) |l 0 |o FU-38-24 |p 15536 |r 2023-04-04 00:00:00 |w 2023-04-04 |y ARXIU | ||
| 952 | |0 0 |1 0 |4 0 |6 FU3825 |7 1 |9 65952 |a Arxiu |b Arxiu |d 2023-04-04 |h 2003 (primavera-estiu) |l 0 |o FU-38-25 |p 15537 |r 2023-04-04 00:00:00 |w 2023-04-04 |y ARXIU | ||
| 952 | |0 0 |1 0 |4 0 |6 FU4411 |7 1 |9 65999 |a Arxiu |b Arxiu |d 2023-04-05 |h 2004 (primavera-estiu) |l 0 |o FU-44-11 |p 16653 |r 2023-04-05 00:00:00 |w 2023-04-05 |y ARXIU | ||
| 952 | |0 0 |1 0 |4 0 |6 FU4412 |7 1 |9 66000 |a Arxiu |b Arxiu |d 2023-04-05 |h 2004 (tardor-hivern) |l 0 |o FU-44-12 |p 16654 |r 2023-04-05 00:00:00 |w 2023-04-05 |y ARXIU | ||
| 999 | |c 52911 |d 52911 | ||